| 000 | 00994cab a22001935a 4500 | ||
|---|---|---|---|
| 001 | L152958 | ||
| 008 | 110518e20110513xxk 000 0 eng d | ||
| 035 | _a(Sirsi) u152958 | ||
| 041 | 0 | _aeng | |
| 110 | 2 |
_aProperty Week _91549 |
|
| 245 | 0 | 0 | _aPrime-secondary gap widens as market hints at recovery |
| 260 | _c2011 | ||
| 490 | 0 |
_aProperty Week _v77(19) 13 May 2011, 36(1) |
|
| 520 | _aCushman & Wakefield's latest UK property investment market monthly update shows the price gap between the best and second-best properties at its widest since the late 1980s. Prime property yields remained unchanged for the third month at 5.68%. But core prime property yields averaging 5.45% are 176 basis points lower than the second-tier prime yields which average 7.21%. Tables covers comparative yields across all sectors from 2007 to April 2011. | ||
| 590 | _aKA | ||
| 651 | 4 |
_aUnited Kingdom _y |
|
| 690 | _aPROPERTY-COMMERCIAL PROPERTY-COMMERCIAL PROPERTY FINANCE AND INVESTMENT | ||
| 942 | _n0 | ||
| 999 |
_c83146 _d83146 |
||